书目信息 |
| 题名: |
阅读加拿大
|
|
| 作者: | 姚楠 编著 | |
| 分册: | ||
| 出版信息: | 广州 广东教育出版社 2004.1 |
|
| 页数: | 248页 | |
| 开本: | 21cm | |
| 丛书名: | 环球英语直通车·学生英语阅读世界丛书 | |
| 单 册: | ||
| 中图分类: | H319.4 | |
| 科图分类: | ||
| 主题词: | 英语--语言读物 | |
| 电子资源: | ||
| ISBN: | 7-5406-5268-3 | |
| 000 | 00727nam2 2200241 45 | |
| 001 | 012004000000 | |
| 005 | 20041208100513.65 | |
| 010 | @a7-5406-5268-3@dCNY 12.00 | |
| 100 | @a20041110d2004 em y0chiy0121 ea | |
| 101 | 0 | @achi@aeng |
| 102 | @aCN@b440000 | |
| 105 | @aa z 000yy | |
| 200 | 1 | @a阅读加拿大@Ayue dun jia na da@dRdading Canada@f姚楠编著@zeng |
| 210 | @a广州@c广东教育出版社@d2004.1 | |
| 215 | @a248页@c图@d21cm | |
| 225 | 2 | @a环球英语直通车·学生英语阅读世界丛书 |
| 410 | 0 | @12001 @a环球英语直通车·学生英语阅读世界丛书 |
| 510 | 1 | @aRdading Canada@zeng |
| 606 | 0 | @a英语@j语言读物 |
| 690 | @aH319.4@v4 | |
| 701 | 0 | @a姚楠@Ayao nan@4编著 |
| 801 | 0 | @aCN@bQSSKxf@c20041208 |
| 905 | @a10447@dH319.4@eY3631 | |
| 阅读加拿大=Rdading Canada/姚楠编著.-广州:广东教育出版社,2004.1 |
| 248页:图;21cm.-(环球英语直通车·学生英语阅读世界丛书) |
| ISBN 7-5406-5268-3:CNY 12.00 |
| ● |
| 相关链接 |
|
|
|
正题名:阅读加拿大
索取号:H319.4/Y3631
 
预约/预借
| 序号 | 登录号 | 条形码 | 馆藏地/架位号 | 状态 | 备注 |
| 1 | 431496 | 204314964 | 语言库209/209语言库 50排4列4层/ [索取号:H319.4/Y3631] | 在馆 | |
| 2 | 431497 | 204314973 | 语言库209/209语言库 50排4列4层/ [索取号:H319.4/Y3631] | 在馆 | |
| 3 | 431498 | 204314982 | 语言库209/209语言库 50排4列4层/ [索取号:H319.4/Y3631] | 在馆 |